000 00500nam a2200169Ia 4500
003 GCL
008 140319s9999 xx 000 0 ara d
040 _aGCL /
_cGCL
082 0 4 _aد
_b050
100 1 _aمحمد جمال الدين محفوظ
245 1 0 _aالعسكرية ف الاسلام (598 ) /
_cمحمد جمال الدين محفوظ
300 _a127
490 _aاقرأ
_v0
650 0 4 _aالعسكرية
650 0 4 _aالاسلام - النظام السياسى
942 _2ddc
_cBK
999 _c48804
_d48804